000 01724cam a2200145 4500500
005 20260329023154.0
041 _afre
042 _adc
100 1 0 _aGaudreault, André
_eauthor
700 1 0 _aJost, François
_eauthor
245 0 0 _aLe récit cinématographique : Films et séries télévisées
260 _bArmand Colin,
_c2017.
520 _aRédigé par deux pionniers de la narratologie du cinéma, Le Récit cinématographique est devenu, depuis sa première édition en 1990, un classique reconnu pour sa clarté. Véritable manuel d’introduction, mais aussi ouvrage de synthèse particulièrement précieux, il se destine aux enseignants et aux étudiants en cinéma et en communication, ainsi qu’à tous ceux qui veulent comprendre les concepts et les mécanismes du récit : la narration, l’espace, la temporalité et le point de vue. À l’occasion de cette troisième édition revue et augmentée, les références cinématographiques ont été actualisées, l’étude du récit a été étendue aux séries télévisées et des analyses de séquences de films et de séries ont été ajoutées pour illustrer l’usage que l’on peut faire des concepts. « […] rarement on aura vu autant de clarté et de concision dans un ouvrage traitant de narratologie et de cinéma. […] Parce qu’on ne se lasse pas d’un discours conjuguant limpidité et intelligence et parce qu’un bon ouvrage de synthèse manquait cruellement aux écrits sur la narratologie, voilà un petit essai auquel on reviendra souvent » (Marcel Jean, directeur de la Cinémathèque québécoise).
856 4 1 _uhttps://shs.cairn.info/le-recit-cinematographique--9782200614492?lang=fr&redirect-ssocas=7080
999 _c1925245
_d1925245